书目信息 |
| 题名: |
交通基础设施投资与经济增长
|
|
| 作者: | 高峰 著 | |
| 分册: | ||
| 出版信息: | 北京 中国财政经济出版社 2005.12 |
|
| 页数: | 227页 | |
| 开本: | 22cm | |
| 丛书名: | 山东省社会科学规划研究项目文丛 | |
| 单 册: | ||
| 中图分类: | F294.3 | |
| 科图分类: | ||
| 主题词: | 交通运输业--jiao tong yun shu ye--基础设施--投资--研究 | |
| 电子资源: | ||
| ISBN: | 7-5005-8839-9 | |
| 000 | 01011cam 2200253 450 | |
| 001 | CAL 012006018068 | |
| 005 | 20060529151200.85 | |
| 010 | @a7-5005-8839-9@dCNY 20.00 | |
| 099 | @aCAL 012006018068 | |
| 100 | @a20060307d2005 em y0chiy0121 ea | |
| 101 | 0 | @achi |
| 102 | @aCN@b110000 | |
| 200 | 1 | @a交通基础设施投资与经济增长@Ajiao tong ji chu she shi tou zi yu jing ji zeng zhang@d= Transport infrastructure investment and economic growth@f高峰著@zeng |
| 210 | @a北京@c中国财政经济出版社@d2005.12 | |
| 215 | @a227页@d22cm | |
| 225 | 2 | @a山东省社会科学规划研究项目文丛@Ashan dong sheng she hui ke xue gui hua yan jiu xiang mu wen cong@e重点项目 |
| 320 | @a有书目 (第219-226页) | |
| 410 | 0 | @12001 @a山东省社会科学规划研究项目文丛 (重点项目) |
| 510 | 1 | @aTransport infrastructure investment and economic growth@zeng |
| 606 | 0 | @a交通运输业@Ajiao tong yun shu ye@x基础设施@x投资@x研究 |
| 690 | @aF294.3@v4 | |
| 701 | 0 | @a高峰@Agao feng@4著 |
| 801 | 0 | @aCN@bPUL@c20060529 |
| 905 | @a10447@dF294.3@eG122 | |
| 交通基础设施投资与经济增长= Transport infrastructure investment and economic growth/高峰著.-北京:中国财政经济出版社,2005.12 |
| 227页;22cm.-(山东省社会科学规划研究项目文丛:重点项目) |
| ISBN 7-5005-8839-9:CNY 20.00 |
| ● |
| 相关链接 |
|
|
|
正题名:交通基础设施投资与经济增长
索取号:F294.3/G122
 
预约/预借
| 序号 | 登录号 | 条形码 | 馆藏地/架位号 | 状态 | 备注 |
| 1 | 603970 | 206039703 | 社科二线422/409社科库 114排1列2层/ [索取号:F294.3/G122] | 在馆 | |
| 2 | 603971 | 206039712 | 社科二线422/409社科库 114排1列2层/ [索取号:F294.3/G122] | 在馆 | |
| 3 | 603972 | 206039721 | 社科库409/409社科库 114排1列1层/ [索取号:F294.3/G122] | 在馆 |